000 00703cab a2200229 4500
001 X3533
008 090401t1996 xxu||||| |||| 00| 0 eng d
035 _a(Sirsi) u31028
041 _aeng
245 _aEDI
260 _c1996
350 _a0
490 _aCSM (Chartered Surveyor Monthly)
_v5(8) May 1996, 20(1)
520 _aDescribes moves towards the electronic exchange of bills of quantities and other tender documentation.
650 _aBILLS OF QUANTITY
650 _aCONSTRUCTION INDUSTRY TRADING ELECTRONICALLY
650 _aEDICON
650 _aELECTRONIC DATA INTERCHANGE
690 _aMANAGEMENT-BUSINESS MANAGEMENT-INFORMATION MANAGEMENT
942 _n0
948 _c04/03/1997
999 _c20863
_d20863